Rôles de Alain Delon par film - Statistiques

Statistiques générales
  • Ce quiz a été pris 208 fois
  • Le résultat moyen est 8 sur 20
Statistiques - réponses
Hint Réponse % Correct
Astérix aux Jeux olympiques Jules César
89%
Monsieur Klein Robert Klein
72%
Paris brûle-t-il ? Jacques Chaban-Delmas
55%
Plein soleil Tom Ripley
55%
Le Samouraï Jef Costello
50%
Le Guépard Tancredi
49%
Borsalino Roch Siffredi
46%
Le Cercle rouge Corey
41%
La Tulipe noire Julien de Saint-Preux
41%
Le Clan des Siciliens Roger Sartet
39%
Un amour de Swann Le baron de Charlus
37%
Mélodie en sous-sol Francis Verlot
36%
La Piscine Jean-Paul Leroy
32%
Ne réveillez pas un flic qui dort Eugène Grindel
28%
Deux hommes dans la ville Gino Strabliggi
26%
Les Aventuriers Manu Borelli
21%
Adieu l'ami Dino Barran
20%
L'Insoumis Thomas Vlassenroot
17%
Les Félins Marc
16%
Scorpio Jean Laurier
13%
Aucun quiz correspondant
Distribution des résultats
% des personnes avec chaque résultat
Percentile par nombre de réponses
Votre historique - résultats
Vous n’avez pas pris ce quiz